| 000 | 00493nam a2200181Ia 4500 | ||
|---|---|---|---|
| 003 | GCL | ||
| 008 | 140319s9999 xx 000 0 eng d | ||
| 040 |
_aGCL / _cGCL |
||
| 082 | 0 | 4 |
_a302.23 _bD D |
| 100 | 1 | _aDOMNIK, JOSEPH R. | |
| 245 | 1 | 0 |
_aTHE DYNAMICS OF MASS COMMUNICATION / _cDOMNIK, JOSEPH R. |
| 260 |
_a[S.N] : _bTHE MCGRAW - HILL COMPANIES. ، _c1996 |
||
| 300 | _a599 P | ||
| 650 | 0 | 4 | _aMASS MEDIA |
| 650 | 0 | 4 | _aMASS - COMMUNICATIONS |
| 650 | 0 | 4 | _aCOMMUNICATION |
| 942 |
_2ddc _cBK |
||
| 999 |
_c14349 _d14349 |
||